000 00751nam a2200289Ia 4500
001 48110
003 IT-RoPAU
008 130308s9999 xx 000 0 und d
040 _aIT-RoPAU
040 _cIT-RoPAU
041 _aITALIANO
100 _aZannier Italo
100 _gCodice Aut. SPICS: 3388
245 _aArte della fotografia (L')
245 _bStoria della Pittura-09-L'Ottocento
250 _a1a ed.
260 _aNOVARA
260 _bDe Agostini
260 _c1983 [1° Ed.:1983 - Ed.Ling.Originale:1983]
300 _a"12 p. (prefazione: no ; testo: 12 [pagine: 137-148])"
650 _aENCICLOPEDIE DI PITTURA
650 _eCodice materia Spics: 5201
942 _cBK
957 _71
999 _c47858
_d47858
999 _bSI
999 _g1